|
|
|
|
| LEADER |
00000nam a2200000 c 4500 |
| 001 |
1743136609 |
| 003 |
DE-627 |
| 005 |
20201217142429.0 |
| 007 |
cr uuu---uuuuu |
| 008 |
201217s2010 sz |||||ob 00| ||ger c |
| 035 |
|
|
|a (DE-627)1743136609
|
| 035 |
|
|
|a (DE-599)KXP1743136609
|
| 040 |
|
|
|a DE-627
|b ger
|c DE-627
|e rda
|
| 041 |
|
|
|a ger
|
| 044 |
|
|
|c XA-CH
|
| 084 |
|
|
|a 2,1
|2 ssgn
|
| 245 |
0 |
0 |
|a Sociology of crime and law enforcement
|c Soziologisches Institut der Univ. Zürich
|
| 264 |
|
1 |
|a Zürich
|b Soziologisches Institut
|c [2010]
|
| 300 |
|
|
|a Online-Ressource
|
| 336 |
|
|
|a Text
|b txt
|2 rdacontent
|
| 337 |
|
|
|a Computermedien
|b c
|2 rdamedia
|
| 338 |
|
|
|a Online-Ressource
|b cr
|2 rdacarrier
|
| 490 |
0 |
|
|a Sociology in Switzerland
|
| 500 |
|
|
|a Gesehen am 17.12.2020
|
| 655 |
|
7 |
|a Bibliografie
|0 (DE-588)4006432-3
|0 (DE-627)104814519
|0 (DE-576)208865578
|2 gnd-content
|
| 710 |
2 |
|
|a Universität Zürich
|b Soziologisches Institut
|e Herausgebendes Organ
|0 (DE-588)1018824-1
|0 (DE-627)103384693
|0 (DE-576)19123902X
|4 isb
|
| 856 |
4 |
0 |
|u https://socio.ch/cri/index.htm
|x Verlag
|z LGF
|7 1
|
| 951 |
|
|
|a BO
|
| ELC |
|
|
|a 1
|
| LOK |
|
|
|0 000 xxxxxcx a22 zn 4500
|
| LOK |
|
|
|0 001 4912362174
|
| LOK |
|
|
|0 003 DE-627
|
| LOK |
|
|
|0 004 1743136609
|
| LOK |
|
|
|0 005 20260210143555
|
| LOK |
|
|
|0 008 260210||||||||||||||||ger|||||||
|
| LOK |
|
|
|0 040
|a DE-2619
|c DE-627
|d DE-2619
|
| LOK |
|
|
|0 092
|o n
|
| LOK |
|
|
|0 852
|a DE-2619
|
| LOK |
|
|
|0 852 1
|9 00
|
| LOK |
|
|
|0 939
|a 10-02-26
|b l01
|
| ORI |
|
|
|a WA-MARC-krimdoka001.raw
|